| 000 | 00738cam a2200265 4500500 | ||
|---|---|---|---|
| 005 | 20260405003650.0 | ||
| 041 | _afre | ||
| 042 | _adc | ||
| 100 | 1 | 0 |
_aDegiovanni, Clara _eauthor |
| 245 | 0 | 0 | _aDevenir bourgeois, ça s’apprend ? |
| 260 | _c2023. | ||
| 500 | _a89 | ||
| 690 | _aBourdieu | ||
| 690 | _aBourgeoisie | ||
| 690 | _aDéterminisme | ||
| 690 | _aDomination | ||
| 690 | _aÉcole | ||
| 690 | _aÉlites | ||
| 690 | _aEthos | ||
| 690 | _aInégalités | ||
| 690 | _aLutte des classes | ||
| 690 | _aTransclasse | ||
| 786 | 0 | _nPhilosophie magazine | 168 | 4 | 2023-04-01 | p. 33-33 | 1951-1787 | |
| 856 | 4 | 1 | _uhttps://shs.cairn.info/magazine-philosophie-magazine-2023-4-page-33?lang=fr&redirect-ssocas=7080 |
| 999 |
_c2069739 _d2069739 |
||